|
|
|
|
| LEADER |
01695nam a2200385 i 4500 |
| 001 |
38310 |
| 003 |
BD-DhAAL |
| 005 |
20220412105611.0 |
| 008 |
220412t2011 bg 000 0 ben d |
| 999 |
|
|
|c 44045
|d 44045
|
| 010 |
|
|
|a 2011322484
|
| 020 |
|
|
|a 9789848765814
|
| 025 |
|
|
|a B-B-2011-322484; 21-92
|
| 037 |
|
|
|b Library of Congress -- New Delhi Overseas Office
|
| 040 |
|
|
|a DLC
|b eng
|c DLC
|e rda
|d DLC
|d BD-DhAAL
|
| 042 |
|
|
|a lcode
|a pcc
|
| 043 |
|
|
|a a-bg---
|
| 050 |
0 |
0 |
|a P119.32.B3
|b E584 2011
|
| 082 |
|
|
|a 306.4495492
|
| 245 |
0 |
0 |
|a একুশের পটভূমি, একুশের স্মৃতি /
|c মতিউর রহমান সম্পাদিত
|
| 246 |
3 |
1 |
|a Ekusher potobhumi ekusher smrity
|
| 250 |
|
|
|a প্রথমা প্রকাশন
|
| 264 |
|
1 |
|a ঢাকা :
|b প্রথমা প্রকাশন,
|c ২০১১.
|
| 300 |
|
|
|a ১৩৫ পৃষ্ঠা ;
|c ২২ সে.মি.
|
| 520 |
|
|
|a Contributed articles chiefly on the Bengali language movement of Bangladesh, 1952.
|
| 541 |
|
|
|a Donated By Akbar Ali Khan
|e 38310
|
| 546 |
|
|
|a In Bengali.
|
| 650 |
|
0 |
|a Bengali language movement.
|9 47938
|
| 650 |
|
0 |
|a Language policy
|z Bangladesh
|x History.
|9 47939
|
| 650 |
|
0 |
|a Bengali language
|x Political aspects
|z Bangladesh.
|9 47940
|
| 651 |
|
0 |
|a Bangladesh
|x Languages
|x Political aspects.
|9 47941
|
| 700 |
1 |
|
|a রহমান, মতিউর,
|d ১৯৪৬-
|9 47942
|
| 852 |
|
|
|a Ayesha Abed Library
|c Akbar Ali Khan Collection
|
| 942 |
|
|
|2 ddc
|c BK
|
| 952 |
|
|
|0 0
|1 0
|2 ddc
|4 0
|6 306_449549200000000_EKU
|7 1
|9 70502
|a BRACUL
|b BRACUL
|c AAKC
|d 2022-04-12
|e Donated by Akbar Ali Khan
|l 0
|o 306.4495492 EKU
|p 3010038310
|r 2022-04-12
|t 1
|w 2022-04-12
|y BK
|